| 000 | 00921nam a2200337Ia 4500 | ||
|---|---|---|---|
| 001 | Z_6467 | ||
| 003 | CHAP | ||
| 008 | 220113s9999 xx 000 0 und d | ||
| 010 | _a169734 | ||
| 020 | _a970-627-800-1 \ 978-970-627-800-5 | ||
| 040 | _cCHAP | ||
| 082 | _a843 V47 D45 | ||
| 100 |
_aVerne, Julio, 1828 -1905 _9140390 |
||
| 240 | _aFrom the earth to the moon | ||
| 245 |
_aDe la tierra a la luna / _cJulio Verne; traducción Julieta López Serdán |
||
| 260 |
_aMéxico : _bÉpoca, _c |
||
| 300 | _a170 p. | ||
| 440 |
_a(Nuevo Talento) _9143088 |
||
| 503 | _aej.1: consumo | ||
| 504 | _aIcluye índice | ||
| 650 |
_aAventuras y aventureros _9143089 |
||
| 650 |
_aLiteratura francesa _967127 |
||
| 650 |
_aNovela francesa _982020 |
||
| 700 |
_aLópez Serdán, Julieta, tr. _9144866 |
||
| 901 | _a843 V47 D45 | ||
| 902 | _aM | ||
| 910 | _a | ||
| 942 | _c1 | ||
| 942 | _cc1 | ||
| 999 |
_c169734 _d169734 |
||